Law and economics / (Record no. 53298)
[ view plain ]
| 000 -LEADER | |
|---|---|
| fixed length control field | 01828nam a22003017a 4500 |
| 005 - DATE AND TIME OF LATEST TRANSACTION | |
| control field | 20110608103154.0 |
| 010 ## - LCCN (DPL NO) | |
| LC control number | ENG-102711 B-457039-043 |
| 020 ## - INTERNATIONAL STANDARD BOOK NUMBER | |
| International Standard Book Number | 9780198067733 |
| Terms of availability | 785.00 |
| 020 ## - INTERNATIONAL STANDARD BOOK NUMBER | |
| International Standard Book Number | 0198067739 |
| Terms of availability | 785.00 |
| 035 ## - SYSTEM CONTROL NUMBER | |
| System control number | EN-86244 B-457039-043 |
| 037 ## - SOURCE OF ACQUISITION | |
| Source of stock number/acquisition | DBAD / PUB |
| 037 ## - SOURCE OF ACQUISITION | |
| Source of stock number/acquisition | K.K.Pub/Ven |
| 082 ## - DEWEY DECIMAL CLASSIFICATION NUMBER | |
| Classification number | 349.73 |
| 100 ## - MAIN ENTRY--PERSONAL NAME | |
| Personal name | Jain, Satish K. |
| 245 ## - TITLE STATEMENT | |
| Title | Law and economics / |
| Statement of responsibility, etc | edited by Satish K. Jain |
| 260 ## - PUBLICATION, DISTRIBUTION, ETC. (IMPRINT) | |
| Place of publication, distribution, etc | New Delhi |
| Name of publisher, distributor, etc | Oxford University Press |
| Date of publication, distribution, etc | 2010 |
| 270 ## - ADDRESS | |
| Address | YMCA Library Building, Jai Singh Road |
| City | New Delhi |
| Postal code | 110001 |
| 300 ## - PHYSICAL DESCRIPTION | |
| Extent | x,325 p. |
| Dimensions | 22cm (Hb) |
| 700 ## - ADDED ENTRY--PERSONAL NAME | |
| 9 (RLIN) | 28520 |
| Personal name | Jain, Satish K. |
| 942 ## - ADDED ENTRY ELEMENTS (KOHA) | |
| Source of classification or shelving scheme | Dewey Decimal Classification |
| Item type | English Books |
| Call number suffix | LAW |
| Classification part | 349.73 |
| Withdrawn status | Lost status | Not for loan | Collection code | Home library | Current library | Date acquired | Source of acquisition | Cost, normal purchase price | Full call number | Barcode | Copy number | Cost, replacement price | Koha item type |
|---|---|---|---|---|---|---|---|---|---|---|---|---|---|
| Non-fiction | Bawana | Bawana | 24/08/2012 | K.K.Pub/1642/21.01.2012/19/16.01.2012/03.02.2012 | 785.00 | 349.73 LAW | B-457042 | 1 | 785.00 | English Books | |||
| Non-fiction | Central Library | Central Library | 24/08/2012 | K.K.Pub/1642/21.01.2012/19/16.01.2012/03.02.2012 | 785.00 | 349.73 LAW | B-457039 | 1 | 785.00 | English Books | |||
| Not For Loan | Non-fiction | D.B.Act.Division | D.B.Act.Division | 28/06/2011 | DBAD / PUB | 785.00 | LAW | EN-86244 | 1 | 785.00 | English Books | ||
| Non-fiction | Patel Nagar | Patel Nagar | 24/08/2012 | K.K.Pub/1642/21.01.2012/19/16.01.2012/03.02.2012 | 785.00 | 349.73 LAW | B-457040 | 1 | 785.00 | English Books | |||
| Non-fiction | Sarojini Nagar | Sarojini Nagar | 24/08/2012 | K.K.Pub/1642/21.01.2012/19/16.01.2012/03.02.2012 | 785.00 | 349.73 LAW | B-457041 | 1 | 785.00 | English Books | |||
| Non-fiction | Shahdara Branch | Shahdara Branch | 24/08/2012 | K.K.Pub/1642/21.01.2012/19/16.01.2012/03.02.2012 | 785.00 | 349.73 LAW | B-457043 | 1 | 785.00 | English Books |
